Manuel Alonso Martínez (Record no. 11564)

MARC details
000 -LEADER
campo de control de longitud fija 01023nam a22002895i 4500
001 - NÚMERO DE CONTROL
campo de control 11564
003 - IDENTIFICADOR DE NÚMERO DE CONTROL
campo de control ES-MaACL
005 - FECHA Y HORA DE LA ÚLTIMA TRANSACCIÓN
campo de control 20230906150128.0
007 - CAMPO FIJO DE DESCRIPCIÓN FÍSICA--INFORMACIÓN GENERAL
campo de control de longitud fija t|
008 - DATOS DE LONGITUD FIJA--INFORMACIÓN GENERAL
campo de control de longitud fija 920402s1991 sp ||||0| spa d
020 ## - NÚMERO INTERNACIONAL ESTÁNDAR DEL LIBRO
Número Internacional Estándar del Libro 84-309-2071-4
040 ## - FUENTE DE CATALOGACIÓN
Centro catalogador/agencia de origen M-BN
Lengua de catalogación spa
Centro/agencia transcriptor M-BN
080 ## - NÚMERO DE LA CLASIFICACIÓN DECIMAL UNIVERSAL
Número de la Clasificación Decimal Universal 929 Alonso Martínez, Manuel
080 ## - NÚMERO DE LA CLASIFICACIÓN DECIMAL UNIVERSAL
Número de la Clasificación Decimal Universal 34 Alonso Martínez, Manuel
080 ## - NÚMERO DE LA CLASIFICACIÓN DECIMAL UNIVERSAL
Número de la Clasificación Decimal Universal 32 Alonso Martínez, Manuel
245 00 - MENCIÓN DEL TÍTULO
Título Manuel Alonso Martínez
Resto del título : vida y obra /
Mención de responsabilidad, etc. Carlos Rogel y Carlos Vattier (coordinadores).
260 ## - PUBLICACIÓN, DISTRIBUCIÓN, ETC.
Lugar de publicación, distribución, etc. Madrid :
Nombre del editor, distribuidor, etc. Tecnos ;
Lugar de publicación, distribución, etc. Burgos :
Nombre del editor, distribuidor, etc. Caja de Ahorros Municipal de Burgos,
Fecha de publicación, distribución, etc. D.L. 1991.
300 ## - DESCRIPCIÓN FÍSICA
Extensión XXII, 1374 p ;
Dimensiones 25 cm.
504 ## - NOTA DE BIBLIOGRAFÍA, ETC.
Nota de bibliografía, etc. Bibliografía: p. 1339-1349. Indices.
600 14 - PUNTO DE ACCESO ADICIONAL DE MATERIA--NOMBRE DE PERSONA
Nombre de persona Alonso Martínez, Manuel,
Fechas asociadas al nombre 1827-1891
9 (RLIN) 20356
700 1# - ENTRADA AGREGADA--NOMBRE PERSONAL
Nombre de persona Rogel Vide, Carlos.
9 (RLIN) 98924
700 1# - ENTRADA AGREGADA--NOMBRE PERSONAL
Nombre de persona Vattier Fuenzalida, Carlos.
9 (RLIN) 113302
700 1# - ENTRADA AGREGADA--NOMBRE PERSONAL
Nombre de persona Alonso Martínez, Manuel,
Fechas asociadas al nombre 1827-1891
9 (RLIN) 20356
710 2# - ENTRADA AGREGADA--NOMBRE DE ENTIDAD CORPORATIVA
Nombre de entidad corporativa o nombre de jurisdicción como elemento de entrada Caja de Burgos.
9 (RLIN) 151308
852 ## - LOCALIZACIÓN
Ubicación ES-MaACL
Número de control de estantería L-18946
Sublocalización o colección R.124954
Holdings
Estatus retirado Estado de pérdida Estado de daño No para préstamo Biblioteca de origen Biblioteca actual Ubicación en estantería Fecha de adquisición Fuente de adquisición Total de préstamos Signatura topográfica completa Código de barras Visto por última vez Precio de reemplazo Tipo de ítem Koha
        Biblioteca del Ateneo de Madrid Biblioteca del Ateneo de Madrid Depósito 2 17/01/2008     L-18946 1011788 23/02/2023 23/02/2023 Libro impreso